Návrh napäťovej referencie s vysokou hodnotou parametra PSRR

Uložené v:
Podrobná bibliografia
Hlavný autor: Železňáková, Anežka (Autor)
Ďalší autori: Arbet, Daniel (Vedúci práce)
Médium: Rukopis Kniha
Jazyk:Slovak
Vydavateľské údaje: Bratislava : STU v Bratislave FEI, 2021
Predmet:
On-line prístup:https://opac.crzp.sk/?fn=detailBiblioForm&sid=52328540584FDC4D96832FAB80F2&seo=CRZP-detail-kniha
Tagy: Pridať tag
Žiadne tagy, Buďte prvý, kto otaguje tento záznam!

MARC

LEADER 00000ntm a22000003a 4500
001 stuzp81710
003 SK-STU
005 20211118132414.1
007 ta
008 150427s2015----xo-----f-mn---000-0-slo-d
040 |a STU  |b slo 
041 0 |a slo 
044 |a xo 
100 1 |a Železňáková, Anežka  |u 033000  |4 aut  |U FEI Fakulta elektrotechniky a informatiky  |T FEI Ústav elektroniky a fotoniky  |X 86908  |U E030  |Y 549  |7 86908 
242 0 1 |a Design of High PSRR Voltage Reference  |y eng 
245 1 0 |a Návrh napäťovej referencie s vysokou hodnotou parametra PSRR 
260 |a Bratislava :  |b STU v Bratislave FEI,  |c 2021 
300 |a 87 s. 
650 4 |a napäťová referencia  |2 slo 
650 4 |a bandgap  |2 slo 
650 4 |a referenčné napätie  |2 slo 
650 4 |a PSRR  |2 slo 
650 4 |a tranzistor  |2 slo 
650 4 |a transistor  |2 eng 
650 4 |a PSRR  |2 eng 
650 4 |a voltage reference  |2 eng 
650 4 |a bandgap  |2 eng 
650 4 |a reference voltage  |2 eng 
700 1 |a Arbet, Daniel  |u 033000  |k Z1  |4 ths  |U FEI Fakulta elektrotechniky a informatiky  |T FEI Ústav elektroniky a fotoniky  |X 11597  |U E030  |Y 549  |7 A000011597 
856 4 |u https://opac.crzp.sk/?fn=detailBiblioForm&sid=52328540584FDC4D96832FAB80F2&seo=CRZP-detail-kniha